Rashtriya shiksha niti 1986 ki sameeksha samiti ki report: Antim report (Record no. 1400475)

MARC details
000 -LEADER
fixed length control field 00554nam a2200193Ia 4500
003 - CONTROL NUMBER IDENTIFIER
control field OSt
005 - DATE AND TIME OF LATEST TRANSACTION
control field 20260107155845.0
008 - FIXED-LENGTH DATA ELEMENTS--GENERAL INFORMATION
fixed length control field 008 250505s9999 xx 000 0 hin d
037 ## - SOURCE OF ACQUISITION
Stock number Textbook
040 ## - CATALOGING SOURCE
Original cataloging agency FEDL
Language of cataloging eng
Transcribing agency FEDL
041 ## - LANGUAGE CODE
Language code of text/sound track or separate title hin
Source of code eng
082 ## - DEWEY DECIMAL CLASSIFICATION NUMBER
Classification number 379.111, IND
245 #0 - TITLE STATEMENT
Title Rashtriya shiksha niti 1986 ki sameeksha samiti ki report: Antim report
245 #0 - TITLE STATEMENT
Statement of responsibility, etc. India. NPE
260 ## - PUBLICATION, DISTRIBUTION, ETC.
Place of publication, distribution, etc. New Delhi, India
Name of publisher, distributor, etc. NPE
Date of publication, distribution, etc. 1990
300 ## - PHYSICAL DESCRIPTION
Extent 363p
942 ## - ADDED ENTRY ELEMENTS (KOHA)
Koha item type Textbook
Classification part 379.111, IND
Source of classification or shelving scheme Dewey Decimal Classification
Suppress in OPAC No
Holdings
Withdrawn status Lost status Source of classification or shelving scheme Damaged status Not for loan Home library Current library Date acquired Total Checkouts Full call number Barcode Date last seen Price effective from Koha item type
    Dewey Decimal Classification     Department of Education Library Department of Education Library 2025-05-08   379.111, IND EL000E380 2025-05-08 2025-05-08 Textbook
Copyright @ Delhi University Library System